000 00277nam a22001217a 4500
008 181217b xxu||||| |||| 00| 0 eng d
041 _aeng
080 _a616.12
100 _a7
101 _aKARD
245 _aThe Handbook of Cardiovascular Drugs
_cDavis,P
942 _2udc
_cBK
999 _c53194
_d53194